Combien de ville de la Seine Saint Denis (93) connais-tu ? - Statistiques

Statistiques générales
  • Ce quiz a été pris 756 fois
  • Le résultat moyen est 22 sur 40
Statistiques - réponses
Code postal Ville % Correct
93200 Saint-Denis
91%
93008 Bobigny
83%
93300 Aubervilliers
82%
93600 Aulnay-sous-Bois
78%
93140 Bondy
76%
93270 Sevran
76%
93700 Drancy
73%
93120 La Courneuve
73%
93100 Montreuil
73%
93695 Pantin
64%
93160 Noisy-le-Grand
63%
93134 Noisy-le-Sec
62%
93150 Le Blanc-Mesnil
60%
93110 Rosny-sous-Bois
59%
93420 Villepinte
58%
93170 Bagnolet
57%
93240 Stains
57%
93350 Le Bourget
55%
93370 Montfermeil
55%
93220 Gagny
53%
93260 Les Lilas
53%
93390 Clichy-sous-Bois
51%
93190 Livry-Gargan
51%
93340 Le Raincy
49%
93230 Romainville
48%
93290 Tremblay-en-France
48%
93800 Épinay-sur-Seine
47%
93250 Villemomble
47%
93330 Neuilly-sur-Marne
46%
93320 Les Pavillons-sous-Bois
42%
93430 Villetaneuse
42%
93440 Dugny
41%
93360 Neuilly-Plaisance
39%
93310 Le Pré-Saint-Gervais
36%
93410 Vaujours
36%
93380 Pierrefitte-sur-Seine
33%
93470 Coubron
31%
93450 L'Île-Saint-Denis
30%
93406 Saint-Ouen-sur-Seine
30%
93460 Gournay-sur-Marne
24%
Aucun quiz correspondant
Distribution des résultats
% des personnes avec chaque résultat
Percentile par nombre de réponses
Votre historique - résultats
Vous n’avez pas pris ce quiz